000 00510nam a2200229Ia 4500
003 OSt
005 20221005115448.0
006 a|||||r|||| 00| 0
007 ta
008 ASM
024 _a27485
037 _cTextual
040 _aCRL
_cCRL
_bASM
041 _2ASM
_aASM
082 _aU8wM1, 158L5
100 _aChaudhury
245 0 _aCharijan bikhyat abiskarak
260 _c1975
650 _aGEOGRAPHY
942 _hU8wM1, 158L5
_cTEXL
_2cc
999 _c1034920
_d1034920